| 000 | 01034nab a22002657a 4500 | ||
|---|---|---|---|
| 999 |
_c56712 _d56712 |
||
| 003 | BD-DhIDS | ||
| 005 | 20260415110525.0 | ||
| 008 | 260415b2026 bg||||| |||| 00| 0 eng d | ||
| 040 |
_aBD-DhIDS _cBD-DhIDS _dBD-DhIDS |
||
| 041 | _aEng | ||
| 086 | _aBAN BIDS RR 210 | ||
| 100 | 1 | _aBegum, Anwara | |
| 245 | 0 | 0 |
_aAdapting to climate change : _bmigration, vulnerability, and livelihoods in the Bengal Delta - the search for effective policy options / _cAnwara Begum; Mohammad Harunur Rashid Bhuyan; Azreen Karim; Maruf Ahmed |
| 260 |
_aDhaka : _bBIDS, _c2026 |
||
| 300 |
_avi, 45 p. : _bill.figs,tables,charts ; _c26 cm. |
||
| 490 | 1 | 0 | _aResearch Report No.210 |
| 504 | _aIncludes bibliographical references and index. | ||
| 650 | 0 | 4 |
_aClimate change _xEconomic aspects _zBangladesh |
| 650 | 0 | 4 |
_aMigrations _xLivelihoods _zBengal Delta |
| 650 | 0 | 4 |
_aVulnerabilities of women _xSocial security _zCostal areas |
| 700 | _aBhuyan, Mohammad Harunur Rashid | ||
| 700 | _aKarim, Azreen | ||
| 700 | _aAhmed, Maruf | ||
| 942 |
_2BIDSN _cPR |
||